Name Every Strongster - Statistics

General Stats
  • This quiz has been taken 34 times
  • The average score is 17 of 56
Answer Stats
Group Answer % Correct
Strong Intermediate Gang Karpislaw
82%
Stronger Goner Gang Federico Duay
64%
Stronger Goner Gang Tudorule
61%
Strong Intermediate Gang Winstonein
58%
Strong Intermediate Gang Fulham
55%
Strong Intermediate Gang MangroveJack
55%
Strong Intermediate Gang Ormo
55%
Saturday Crew Antoo
52%
Strong Intermediate Gang Orma
52%
Strong Intermediate Gang Binkus
48%
Strong Intermediate Gang Welxome
48%
Strong Intermediate Gang Fartwood
42%
Stronger Goner Gang Sam
42%
Saturday Crew SammyG
42%
Saturday Crew Stanislaw
42%
Saturday Crew Umar
42%
Strong Intermediate Gang BlookyCookie
39%
Saturday Crew Gabooz
39%
Saturday Crew Starchomper
39%
Stronger Senior Gang Beefsalad
36%
New Crew Malsc
36%
Strong Intermediate Gang Coblo
33%
Moo Crew Moo
33%
Stronger Goner Gang Pulsar
33%
Strong Intermediate Gang Macalopo
30%
Stronger Senior Gang T_Wagz
30%
Saturday Crew Jackuroo
27%
Saturday Crew Loro
27%
New Crew Muksl
27%
Stronger Goner Gang DanDannyBoy
24%
Saturday Crew Huajicow
24%
Stronger Senior Gang Pod
24%
Saturday Crew Mortylay
21%
Saturday Crew Sneedcopter
21%
Moo Crew Chris
18%
Stronger Goner Gang GothamChess
18%
New Crew Meaglee
18%
Stronger Senior Gang Outrag
18%
Stronger Senior Gang Paperpal
18%
Stronger Goner Gang Ranik
18%
Stronger Goner Gang Tennyson William
18%
Stronger Senior Gang TheBlazer97
18%
Stronger Goner Gang Whitey
18%
Stronger Goner Gang Albert Einstein
15%
New Crew corn_speedrun
15%
New Crew MichaelAwsome
15%
Stronger Goner Gang Slaughter
15%
New Crew YeeHolly
15%
New Crew deck_cer
12%
New Crew jpjjluca
12%
Saturday Crew Lec
12%
New Crew FedericoSteva
9%
Stronger Goner Gang Chloe
6%
New Crew tealrix
3%
New Crew TimmyTurner79
0%
Stronger Goner Gang Vinluxx
0%
No matching quizzes found
Score Distribution
Percent of People with Each Score
Percentile by Number Answered
Your Score History
You have not taken this quiz